Particle Image Velocimetry : New Developments and Recent Applications

Salvato in:
Dettagli Bibliografici
Altri autori: Willert, Christian E. (Redattore), Schroeder, Andreas (Redattore)
Natura: Libro
Lingua:inglese
Pubblicazione: Berlin : Springer Verlag, 2008
Soggetti:
Tags: Aggiungi Tag
Nessun Tag, puoi essere il primo ad aggiungerne!!

MARC

LEADER 00000nam a22000003a 4500
001 stu176827
005 20150617225608.9
008 081204s2008----gw------------------eng-d
020 |a 978-3-540-73527-4 
040 |a STU  |b slo 
041 0 |a eng 
044 |a gw 
080 |a 532.5  |7 stu_us_auth*stu7227 
080 |a 531.767 
100 1 |a Willert, Christian E.  |4 edt 
245 1 |a Particle Image Velocimetry :  |b New Developments and Recent Applications 
260 |a Berlin :  |b Springer Verlag,  |c 2008 
300 |a 512 s 
650 7 |a hydrodynamika  |2 stusub 
650 7 |a meranie rýchlosti  |2 stusub 
700 1 |a Schroeder, Andreas  |4 edt 
996 |b 284J034775  |c J*110575  |l JJK14  |s P  |a 0  |w stu176827_0001